00185nam a2200073Ia 4500008004100000100001900041245002300060260002800083190216s9999||||xx |||||||||||||| ||und|| aNambeeshan C N 0aAdhunika Bouthikam bKerala Bhasha Institute